Chansons les plus streamées : Françoise Hardy - Statistiques

Statistiques générales
  • Ce quiz a été pris 49 fois
    9 depuis la dernière actualisation
  • Le résultat moyen est 6 sur 10
Statistiques - réponses
Nb de streams Chanson % Correct
24 500 000 Message personnel
100%
68 500 000 Tous les garçons et les filles (Slow)
100%
105 000 000 Comment te dire adieu
88%
18 000 000 Mon amie la rose
63%
10 000 000 L'amitié
50%
99 000 000 Le temps de l'amour
50%
26 000 000 Le temps de l'amour (avec Bon Entendeur)
50%
18 000 000 Suzanne
25%
14 000 000 Voilà
25%
11 500 000 Chère amie (Toutes mes excuses) [avec Marc Lavoine]
13%
Aucun quiz correspondant
Distribution des résultats
% des personnes avec chaque résultat
Percentile par nombre de réponses
Votre historique - résultats
Vous n’avez pas pris ce quiz depuis la dernière actualisation